Firma jako živý organismus

Agilný prístup v riadení firmy. Spolupráca pracovných tímov. Systémové myslenie. Schopnosť reagovať na zmeny - adaptabilita (adaptiveness). Celkový pohľad na produkt. Scrum - najznámejšia a najrozšírenejšia metóda agilného prístupu, ktorá maximalizuje adaptabilitu.

Na minha lista:
Detalhes bibliográficos
Autor principal: Smutný, Karel
Formato: Capítulo de Livro
Idioma:tcheco
Assuntos:
Tags: Adicionar Tag
Sem tags, seja o primeiro a adicionar uma tag!

MARC

LEADER 00000naa a2200000 4500
001 0253556
005 20190514134943.2
041 0 |a cze 
044 |a CZ 
245 1 0 |a Firma jako živý organismus  |c Karel Smutný 
520 |a Agilný prístup v riadení firmy. Spolupráca pracovných tímov. Systémové myslenie. Schopnosť reagovať na zmeny - adaptabilita (adaptiveness). Celkový pohľad na produkt. Scrum - najznámejšia a najrozšírenejšia metóda agilného prístupu, ktorá maximalizuje adaptabilitu. 
610 2 0 |a riadenie 
610 2 0 |a metódy riadenia 
610 2 0 |a produkty 
610 2 0 |a zákazníci 
610 2 0 |a hodnota 
610 2 0 |a tímy pracovné 
100 1 |a Smutný, Karel